Una Pascua en San Marcos ; El ranchador /

Sábháilte in:
Sonraí bibleagrafaíochta
Príomhchruthaitheoir: Palma y Romay, Ramón de (autor.)
Rannpháirtithe: Morillas, Pedro José
Formáid: Ríomhleabhar
Teanga:Spáinnis
Foilsithe / Cruthaithe: México D. F. : Universidad Nacional Autónoma de México, 2012.
Eagrán:Primera edición electrónica: 2012.
Sraith:Relato Licenciado Vidriera.
Ábhair:
Rochtain ar líne:https://elibro.unach.elogim.com/es/lc/unach/titulos/228717
Clibeanna: Cuir clib leis
Níl clibeanna ann, Bí ar an gcéad duine le clib a chur leis an taifead seo!

MARC

LEADER 00000nam a2200000 i 4500
001 ELB228717
003 FINmELB
005 20231030444314.0
006 m o d |
007 cr cnu||||||||
008 231030s2012 mx o 000 0 spa d
020 |z 9786070242847  |q obra 
020 |z 9789703204724  |q colección 
035 |a (OCoLC)1410392704 
040 |a FINmELB  |b spa  |e rda  |c FINmELB 
050 4 |a PQ7386.F5  |b P356 2012 
080 |a 821.134.2(729.1) 
082 0 4 |a 863  |2 23 
100 1 |a Palma y Romay, Ramón de,  |e autor. 
245 1 4 |a Una Pascua en San Marcos ; El ranchador /  |c Ramón de Palma y Romay, Pedro José Morillas. 
246 1 3 |a El ranchador 
250 |a Primera edición electrónica: 2012. 
264 1 |a México D. F. :  |b Universidad Nacional Autónoma de México,  |c 2012. 
300 |a 1 recurso en línea 
336 |a texto  |b txt  |2 rdacontent/spa 
337 |a computadora  |b c  |2 rdamedia/spa 
338 |a recurso en línea  |b cr  |2 rdacarrier/spa 
490 1 |a Relato Licenciado Vidriera 
588 |a Descripción basada en metadatos suministrados por el editor y otras fuentes. 
590 |a Recurso electrónico. Santa Fe, Arg.: elibro, 2023. Disponible vía World Wide Web. El acceso puede estar limitado para las bibliotecas afiliadas a elibro. 
650 4 |a Cuento. 
650 4 |a Novela. 
655 4 |a Libros electrónicos. 
700 1 |a Morillas, Pedro José.  |t El ranchador. 
797 2 |a elibro, Corp. 
830 0 |a Relato Licenciado Vidriera. 
856 4 0 |u https://elibro.unach.elogim.com/es/lc/unach/titulos/228717